| 000 | 01113nam a22001577a 4500 | ||
|---|---|---|---|
| 008 | 150205b xxu||||| |||| 00| 0 eng d | ||
| 020 | _a1854317423 | ||
| 050 | _aKF889.M235 | ||
| 100 | _aMacintyre, Ewan. | ||
| 245 |
_aLearning texts:commercial law. / _cEwan, Macintyre. |
||
| 260 |
_aLondon: _bBlackstone Press Ltd, _c1998. |
||
| 300 |
_axxiii,443p.: _c25cm. |
||
| 500 | _aIncludes index. | ||
| 505 | _aContents:Introduction to sale of goods -- Terms implied only into business sales -- Terms implied into all contracts of sale of goods -- The transfer of the property and the risk, mistake and frustration -- Conflicts over title -- Duties of the buyer and the seller -- Remedies of the buyer and the seller -- International sales -- The ways in which agency can be created -- The relationship between principal and agent -- The relationship between principal and third parties -- Termination of agency -- Introduction to partnership and the definition of partnership -- Partners' relationship with outsiders -- Dissolution and winding up -- The supply goods and services -- Consumer credit. | ||
| 942 |
_2lcc _cBK |
||
| 999 |
_c5354 _d12854 |
||